000 00594nam a22002297a 4500
003 UA-OsUOA
001 90168
007 ta
008 20121114b un ||||| |||| 00| 0 ukr d
100 _aКонвісар В.
090 _a821.161.2
_bК64
942 _cBK
040 _aUA-OsUOA
_bukr
_cUA-OsUOA
_dUA-OsUOA
245 _aДимлять смереки
_bроман
300 _a663 с.
955 _a3
041 _aukr
080 _a821.161.2
260 _aК.
_bДніпро
_c1989
650 7 _a82 Література. Літературознавство
_2UDC
999 _c376443
_d376443